Bale. (Record no. 102050)
[ view plain ]
| 000 -LEADER | |
|---|---|
| fixed length control field | 00624nam a2200217Ia 4500 |
| 003 - CONTROL NUMBER IDENTIFIER | |
| control field | OSt |
| 005 - DATE AND TIME OF LATEST TRANSACTION | |
| control field | 20240928091533.0 |
| 008 - FIXED-LENGTH DATA ELEMENTS--GENERAL INFORMATION | |
| fixed length control field | 210210b1998 xxu||||| |||| 00| 0 eng d |
| 040 ## - CATALOGING SOURCE | |
| Transcribing agency | AL |
| 041 ## - LANGUAGE CODE | |
| Language code of text/sound track or separate title | Kannada |
| 082 ## - DEWEY DECIMAL CLASSIFICATION NUMBER | |
| Classification number | K894.3 SUHB |
| 100 ## - MAIN ENTRY--PERSONAL NAME | |
| Personal name | SUHARA (B M). |
| Dates associated with a name | ಸುಹರಾ (ಬಿ.ಎಂ) |
| 9 (RLIN) | 171527 |
| 245 ## - TITLE STATEMENT | |
| Title | Bale. |
| Remainder of title | ಬಲೆ |
| 260 ## - PUBLICATION, DISTRIBUTION, ETC. | |
| Place of publication, distribution, etc. | Mangaluru |
| Name of publisher, distributor, etc. | Chandragiri Prakashana |
| Date of publication, distribution, etc. | 1998 |
| 300 ## - PHYSICAL DESCRIPTION | |
| Extent | iv,133 |
| 650 ## - SUBJECT ADDED ENTRY--TOPICAL TERM | |
| Topical term or geographic name entry element | Sara Abubakkar |
| 9 (RLIN) | 171528 |
| 690 ## - LOCAL SUBJECT ADDED ENTRY--TOPICAL TERM (OCLC, RLIN) | |
| Topical term or geographic name as entry element | Kannada Fiction |
| 9 (RLIN) | 171529 |
| 700 ## - ADDED ENTRY--PERSONAL NAME | |
| Personal name | Sara Abubakkar |
| Dates associated with a name | ಸಾರಾ ಅಬೂಬಕ್ಕರ್ tr |
| 9 (RLIN) | 171530 |
| 906 ## - LOCAL DATA ELEMENT F, LDF (RLIN) | |
| a | 053959 |
| 942 ## - ADDED ENTRY ELEMENTS (KOHA) | |
| Source of classification or shelving scheme | Dewey Decimal Classification |
| Koha item type | Book |
| Withdrawn status | Lost status | Damaged status | Not for loan | Collection code | Home library | Current library | Shelving location | Date acquired | Cost, normal purchase price | Total Checkouts | Full call number | Barcode | Date last seen | Price effective from | Koha item type |
|---|---|---|---|---|---|---|---|---|---|---|---|---|---|---|---|
| St Aloysius Library | St Aloysius Library | 02/17/2021 | 48.00 | K894.3 SUHB | 053959 | 02/17/2021 | 02/17/2021 | Book |